Statistiques concernant Les boissons les plus consommées dans le monde

Cliquez ici pour prendre le quiz!

Statistiques générales

  • Ce quiz a été pris 1 180 fois
  • Le résultat moyen est 6 sur 10

Statistiques - réponses

ClassementTypes de boissonQuantités (Litres/an)% Correct
1Eau730 000 (Litres/an/habitant)
96%
7Bière183 milliards
74%
9Vin24 milliards
74%
2 =Café9,5 millions (tonnes/an) ou 400 millions de tasses par jour
70%
2 =Thé4,5 millions (tonnes/an) ou 500 millions de tasses par jour
70%
5Sodas350 milliards
64%
4Lait830 milliards
54%
8Jus d'orange55 milliards
48%
10Vodka4,5 milliards
47%
6Soupe262 milliards
9%

Distribution des résultats

Percentile par nombre de réponses

% des personnes avec chaque résultat

Votre développement - résultats

Vous n’avez pas pris ce quiz